LDR 00923naa#a2200229#i#450# 001 EN\\bibl\123428 005 20260706020331.1 011 ## _a1994-4683 100 ## _a20230731b2023####ek#y0engy0150####ca 102 ## _aRU 200 1# _aEDUCATIONAL INITIATIVE "GRANT AS A DIPLOMA" IN THE SYSTEM OFFINAL STATE CERTIFICATION OF GRADUATES OF THE HIGHER PHYSICAL SCHOOL _eJournal article 210 1# _aMoscow _cNational State University of Physical Education, Sports and Health named after P.F. Lesgaft _d2023 215 ## _a10 с. 608 ## _aJournal article _2local 675 ## _aВысшее образование. Высшая школа. Подготовка научных кадров. 378 _z 700 #1 _aIvanov _gA V 700 #1 _aTyutyukov _gVyacheslav Grigoryevich 700 #1 _aGalicyn _gSergey Viktorovich 700 #1 _aBorodin _gP V 700 #1 _aMalygina _gElena Nikolaevna 700 #1 _aZHdan _gA A 856 4# _auchzapiski.lesgaft.spb.ru _u